A study of structure activity relationships of prostaglandins in the cardiovascular and respiratory systems : identification of compounds /
Saved in:
| Main Author: | |
|---|---|
| Format: | Thesis Book |
| Language: | English |
| Published: |
Singapore :
National University of Singapore,
1985
|
| Subjects: | |
| Tags: |
Add Tag
No Tags, Be the first to tag this record!
|
| LEADER | 01017cam a2200265 4500 | ||
|---|---|---|---|
| 001 | u52076 | ||
| 003 | SIRSI | ||
| 008 | 871127s1985 si a v 0 eng | ||
| 015 | |a X870080871 | ||
| 035 | |a AAF-6007 | ||
| 040 | |a UMP | ||
| 096 | 0 | 0 | |a QU90 |b Ada 1985 |
| 100 | 1 | 0 | |a Adaikan, P. Ganesan |
| 245 | 1 | 2 | |a A study of structure activity relationships of prostaglandins in the cardiovascular and respiratory systems : |b identification of compounds / |c by P. Ganesan Adaikan |
| 260 | |a Singapore : |b National University of Singapore, |c 1985 | ||
| 300 | |a xxvii, 427 leaves : |b ill. ; |c 30cm | ||
| 502 | |a Thesis (Ph.D.) - National University of Singapore, 1985 | ||
| 504 | 0 | 0 | |a Bibliography: leaves 396-427 |
| 650 | 0 | |a Prostaglandins |x Therapeutic use | |
| 650 | 0 | |a Respiratory system |x Drug effects | |
| 650 | 0 | |a Cardiovascular system |x Drug effects | |
| 650 | 0 | |a Prostaglandins |x Pharmacodynamics | |
| 948 | |a 16/03/1991 |b 01/08/1995 | ||
| 596 | |a 2 | ||
| 999 | |a QU90 ADA 1985 |w NLM |c 1 |i A502453312 |l STACKS |m P02MEDKL |r Y |s Y |t TESIS |u 1/8/1995 | ||
